[Event "FIDE World Rapid Team"]
[Site "London ENG"]
[Date "2025.06.12"]
[Round "6.3"]
[White "Badescu, Matei-Andrei"]
[Black "Nilssen, Ellen Fredericia"]
[Result "0-1"]
[BlackTitle "WIM"]
[WhiteElo "1947"]
[BlackElo "2160"]
[WhiteTeam "xChess.AI"]
[BlackTeam "Danish Futures"]
[WhiteFideId "42213096"]
[BlackFideId "1441230"]
[EventDate "2025.06.11"]
[EventType "team"]

1. e4 e6 2. d4 d5 3. e5 c5 4. c3 Nc6 5. Nf3 Bd7 6. Be2 Nge7 7. Na3 cxd4 8. cxd4
Nf5 9. Nc2 Qb6 10. O-O Rc8 11. a3 Na5 12. Ne3 Nb3 13. Rb1 Nfxd4 14. Nxd4 Nxd4
15. Bd3 Be7 16. b4 Bb5 17. Bxb5+ Nxb5 18. Qg4 O-O 19. Kh1 Qd4 20. f4 Nxa3 21.
Rb3 Nc2 22. Nxc2 Rxc2 23. Be3 Qc4 24. Rbb1 Qe2 25. Qxe2 Rxe2 26. Bxa7 Rc8 27.
Rfc1 Rec2 28. Rxc2 Rxc2 29. h3 g5 30. fxg5 Bxg5 31. Bc5 Bf4 32. Bd6 Bg3 33. b5
d4 34. Kg1 d3 35. Rd1 Rb2 36. Kf1 Rf2+ 37. Kg1 Re2 38. Kf1 Re4 39. Bc5 Rxe5 40.
Bb4 Rxb5 41. Rxd3 Rxb4 42. Rxg3+ Kf8 43. Ke2 f5 44. Re3 Kf7 45. Kf3 Kf6 46. g4
e5 47. gxf5 Kxf5 48. Rc3 h5 49. Rc7 Rb3+ 50. Kf2 b5 51. Rb7 h4 52. Ke2 Kf4 53.
Kf2 Rb2+ 54. Kg1 e4 55. Kh1 e3 56. Rf7+ Kg3 57. Rf1 e2 58. Rg1+ Kf2 59. Rg2+ Kf3
60. Rg1 Rd2 61. Ra1 Rd1+ 62. Kh2 Ke4 63. Ra8 Ke5 0-1

[Event "FIDE World Rapid Team"]
[Site "London ENG"]
[Date "2025.06.12"]
[Round "6.4"]
[White "Skytte, Robert"]
[Black "Sava, Christiansen-Danut-Eugen"]
[Result "0-1"]
[WhiteTitle "CM"]
[BlackTitle "FM"]
[WhiteElo "2015"]
[BlackElo "2002"]
[WhiteTeam "Danish Futures"]
[BlackTeam "xChess.AI"]
[WhiteFideId "1471775"]
[BlackFideId "1210114"]
[EventDate "2025.06.11"]
[EventType "team"]

1. e4 c6 2. d4 d5 3. Nd2 dxe4 4. Nxe4 Bf5 5. Ng3 Bg6 6. h4 h6 7. Nh3 Nf6 8. Nf4
Bh7 9. Bc4 Nd5 10. O-O Nxf4 11. Bxf4 e6 12. Re1 Be7 13. Nh5 O-O 14. Qg4 Bg6 15.
Nxg7 Kxg7 16. h5 Nd7 17. Rxe6 Nf6 18. Be5 Kh7 19. hxg6+ fxg6 20. Bd3 Nxg4 21.
Rxg6 Nxe5 22. dxe5 Qxd3 0-1

[Event "FIDE World Rapid Team"]
[Site "London ENG"]
[Date "2025.06.12"]
[Round "6.5"]
[White "Badescu, Eliza-Ioana"]
[Black "Derlich, Sarah Sima"]
[Result "1-0"]
[BlackTitle "WCM"]
[WhiteElo "1832"]
[BlackElo "1926"]
[WhiteTeam "xChess.AI"]
[BlackTeam "Danish Futures"]
[WhiteFideId "42214890"]
[BlackFideId "1469290"]
[EventDate "2025.06.11"]
[EventType "team"]

1. e4 c5 2. c3 Nf6 3. e5 Nd5 4. d4 cxd4 5. Nf3 e6 6. cxd4 d6 7. Bc4 Nc6 8. O-O
Be7 9. Qe2 O-O 10. Rd1 Qc7 11. Bb3 Rd8 12. Nbd2 b6 13. Bc2 g6 14. Nf1 dxe5 15.
dxe5 Ncb4 16. Bb1 Ba6 17. Qe1 Nc2 18. Bxc2 Qxc2 19. Nd4 Qc7 20. Bh6 Bf8 21. Bxf8
Kxf8 22. Rac1 Qb7 23. Qe4 Rac8 24. Rxc8 Qxc8 25. Ng3 Qc4 26. Qh4 Rc8 27. h3 Kg7
28. Ne4 Qxa2 29. Nf6 h5 30. Nxd5 exd5 31. Qf6+ Kg8 32. e6 fxe6 33. Qxg6+ Kf8 34.
Qf6+ Kg8 35. Qxe6+ Kf8 36. Qf6+ Kg8 37. Ne6 Rc7 38. Nxc7 Qb3 39. Qe6+ Kh7 40.
Qxd5 1-0

[Event "FIDE World Rapid Team"]
[Site "London ENG"]
[Date "2025.06.12"]
[Round "6.6"]
[White "Andries, Leia"]
[Black "Platschek, Luca"]
[Result "0-1"]
[WhiteElo "1830"]
[BlackElo "1626"]
[WhiteTeam "Danish Futures"]
[BlackTeam "xChess.AI"]
[WhiteFideId "1469207"]
[BlackFideId "1289888"]
[EventDate "2025.06.11"]
[EventType "team"]

1. e4 a6 2. d4 b5 3. f4 Bb7 4. Bd3 e6 5. Nf3 c5 6. c3 Nf6 7. Qe2 Be7 8. O-O O-O
9. Re1 d6 10. Qf2 Re8 11. Qg3 Bf8 12. Ng5 Nc6 13. e5 dxe5 14. fxe5 Nh5 15. Qh3
g6 16. g4 Bh6 17. gxh5 Bxg5 18. hxg6 hxg6 19. Qg3 Bxc1 20. Rxc1 Ne7 21. dxc5 Qd5
22. Kf2 Qxc5+ 23. Ke2 Nf5 24. Bxf5 exf5 25. Nd2 Qxe5+ 26. Qxe5 Rxe5+ 27. Kf2 Rd8
28. Nf1 Rde8 29. Rc2 f4 30. Rd1 g5 31. Rcd2 R8e7 32. Rd8+ Kg7 33. R1d2 f5 34.
R8d7 Kf6 35. R7d6+ R5e6 36. Rd8 f3 37. Rf8+ Ke5 38. Ng3 Be4 39. Rd1 f4 40. Nf1
Rf6 41. Rfd8 Kf5 42. R8d4 Rfe6 43. R1d2 Bb7 44. Rd8 Re2+ 45. Kg1 f2# 0-1

[Event "FIDE World Rapid Team"]
[Site "London ENG"]
[Date "2025.06.12"]
[Round "6.1"]
[White "Sedykh, Mikhail"]
[Black "Yu, Rock"]
[Result "0-1"]
[WhiteElo "2159"]
[BlackElo "2057"]
[WhiteTeam "Desert Penguins"]
[BlackTeam "UK Chess Challenge Masters"]
[WhiteFideId "447498"]
[BlackFideId "489000"]
[EventDate "2025.06.11"]
[EventType "team"]

1. d4 Nf6 2. c4 e6 3. Nc3 Bb4 4. Qc2 O-O 5. Nf3 b6 6. e4 Bb7 7. e5 Ne4 8. Bd3 f5
9. exf6 Nxf6 10. Bg5 h6 11. Bh4 Bxf3 12. gxf3 Nc6 13. Be4 d5 14. cxd5 exd5 15.
Bxf6 Rxf6 16. Qb3 Kh8 17. Qxd5 Qxd5 18. Bxd5 Re8+ 19. Kd2 Nxd4 20. a3 Nxf3+ 21.
Kd3 Ne5+ 22. Kc2 Rxf2+ 23. Kb3 Bxc3 24. bxc3 Nd3 25. Rab1 Re5 26. c4 Re3 27. Ka4
a6 28. Rhd1 Nb2+ 29. Rxb2 Rxb2 30. Rf1 b5+ 31. cxb5 axb5+ 32. Ka5 Rxa3# 0-1

[Event "FIDE World Rapid Team"]
[Site "London ENG"]
[Date "2025.06.12"]
[Round "6.2"]
[White "Murawski, Jan"]
[Black "Madan, Augustin"]
[Result "1-0"]
[WhiteTitle "CM"]
[BlackTitle "IM"]
[WhiteElo "2164"]
[BlackElo "2259"]
[WhiteTeam "UK Chess Challenge Masters"]
[BlackTeam "Desert Penguins"]
[WhiteFideId "21009287"]
[BlackFideId "1210327"]
[EventDate "2025.06.11"]
[EventType "team"]

1. d4 d5 2. c4 e6 3. Nc3 Be7 4. Nf3 Nf6 5. Bg5 Nbd7 6. e3 h6 7. Bh4 O-O 8. cxd5
Nxd5 9. Bxe7 Qxe7 10. Nxd5 exd5 11. Bd3 Qb4+ 12. Qd2 Qxd2+ 13. Kxd2 c6 14. b4 a6
15. a4 f6 16. b5 cxb5 17. axb5 a5 18. Rhc1 Nb6 19. Nh4 Rf7 20. Ng6 a4 21. Rc5
Be6 22. Nf4 Re7 23. Nxe6 Rxe6 24. Rc7 Ra7 25. Kc3 f5 26. g3 Rf6 27. Kb4 g5 28.
Ka3 f4 29. gxf4 Rf7 30. Rxf7 Kxf7 31. fxg5 hxg5 32. Rc1 Ke6 33. Rc7 Kd6 34. Rg7
Ra8 35. Rxb7 Nc4+ 36. Bxc4 dxc4 37. Rb6+ Kd5 38. Rc6 Rf8 39. Rc5+ Kd6 40. Rxc4
Rxf2 41. b6 Rf1 42. b7 Ra1+ 43. Kb2 Kd5 1-0

[Event "FIDE World Rapid Team"]
[Site "London ENG"]
[Date "2025.06.12"]
[Round "6.3"]
[White "Bansal, Saahil"]
[Black "Zhu, Pengxiao"]
[Result "0-1"]
[WhiteElo "1979"]
[BlackElo "1938"]
[WhiteTeam "Desert Penguins"]
[BlackTeam "UK Chess Challenge Masters"]
[WhiteFideId "438316"]
[BlackFideId "499307"]
[EventDate "2025.06.11"]
[EventType "team"]

1. d4 Nf6 2. c4 e6 3. Nf3 b6 4. Bg5 Bb7 5. e3 Be7 6. Nc3 O-O 7. Bd3 d5 8. cxd5
exd5 9. Qc2 h6 10. Bh4 Nbd7 11. O-O Re8 12. Rac1 c5 13. dxc5 Nxc5 14. Rfd1 Rc8
15. Bf5 Ne6 16. Qb1 Rc5 17. Ne2 Ne4 18. Bxe7 Qxe7 19. Ned4 Nxd4 20. Nxd4 Nxf2
21. Re1 Ne4 22. Qd3 Rxc1 23. Rxc1 Nc5 24. Qd2 g6 25. b4 Na6 26. e4 dxe4 27. Qxh6
Qf6 28. Rd1 Qg7 29. Qh4 e3 30. g3 gxf5 31. Nxf5 e2 32. Re1 Qg6 33. Ne7+ Rxe7 34.
Qxe7 Qc6 35. Qd8+ Kg7 36. Qg5+ Qg6 37. Qe5+ Qf6 38. Qxe2 Qd4+ 39. Qe3 Qxe3+ 40.
Rxe3 Nxb4 41. Re7 Bd5 42. a3 Nc6 43. Rd7 Be4 44. Kf2 Kf6 45. Ke3 Ke6 46. Rc7 Bd5
47. h4 a6 48. Rb7 b5 49. Rb6 Kf5 50. Rxa6 Ne5 51. Kd4 Bc4 52. h5 Nf3+ 53. Ke3
Ng5 54. Rc6 Kg4 55. a4 Kxh5 56. a5 Ne6 57. a6 Bd5 58. Rb6 Nc7 59. Rb7 Bxb7 60.
axb7 Na6 61. Kd4 Kg4 62. Kd5 b4 63. Kc4 Kxg3 64. Kb5 Nb8 65. Kxb4 f5 66. Kc5 f4
67. Kb6 f3 68. Kc7 f2 69. Kxb8 f1=Q 70. Kc7 Qc4+ 71. Kd7 Qd5+ 72. Kc7 Qc5+ 73.
Kd8 Qd6+ 74. Kc8 Qc6+ 75. Kb8 Kf4 76. Ka7 Qa4+ 0-1

[Event "FIDE World Rapid Team"]
[Site "London ENG"]
[Date "2025.06.12"]
[Round "6.4"]
[White "Longson, Sarah N"]
[Black "Bharat Kumar, Balahari"]
[Result "1/2-1/2"]
[WhiteTitle "WFM"]
[WhiteElo "1941"]
[BlackElo "2052"]
[WhiteTeam "UK Chess Challenge Masters"]
[BlackTeam "Desert Penguins"]
[WhiteFideId "2501465"]
[BlackFideId "496464"]
[EventDate "2025.06.11"]
[EventType "team"]

1. e4 g6 2. d4 Bg7 3. Nf3 d6 4. Be3 a6 5. Nc3 b5 6. Qd2 Bb7 7. a3 Nd7 8. h4 h5
9. Bd3 c5 10. Nd5 Bxd5 11. exd5 c4 12. Be2 Ngf6 13. Ng5 Nxd5 14. Bf3 N7b6 15. a4 1/2-1/2

[Event "FIDE World Rapid Team"]
[Site "London ENG"]
[Date "2025.06.12"]
[Round "6.5"]
[White "Sedykh, Stakhey"]
[Black "Sefton, Adam"]
[Result "0-1"]
[WhiteElo "1756"]
[BlackElo "2047"]
[WhiteTeam "Desert Penguins"]
[BlackTeam "UK Chess Challenge Masters"]
[WhiteFideId "453064"]
[BlackFideId "343400965"]
[EventDate "2025.06.11"]
[EventType "team"]

1. c4 Nf6 2. g3 g6 3. Bg2 Bg7 4. Nc3 c5 5. e3 O-O 6. Nge2 e6 7. d4 cxd4 8. exd4
d5 9. cxd5 exd5 10. O-O Nc6 11. Be3 Re8 12. Nf4 Be6 13. Rc1 Rc8 14. Nxe6 Rxe6
15. Bh3 Rxe3 16. fxe3 Rc7 17. Qf3 Re7 18. Bg2 Qe8 19. Rce1 Nxd4 20. Qd1 Rxe3 21.
Nxd5 Ne2+ 22. Kh1 Re5 23. Nc3 Nxc3 24. bxc3 Ng4 25. Rxe5 Nxe5 26. Qd5 b6 27. Qb7
Qb5 28. c4 Qc5 29. Bd5 h5 30. Bxf7+ Kh7 31. Bd5 Qe3 32. Qc8 Ng4 33. Bg8+ Kh6 34.
Qc7 Qe4+ 35. Kg1 Bd4+ 36. Rf2 Qe1+ 0-1

[Event "FIDE World Rapid Team"]
[Site "London ENG"]
[Date "2025.06.12"]
[Round "6.6"]
[White "Veselow, Zoe"]
[Black "Ding, Yihua"]
[Result "1-0"]
[WhiteElo "1761"]
[BlackElo "1536"]
[WhiteTeam "UK Chess Challenge Masters"]
[BlackTeam "Desert Penguins"]
[WhiteFideId "497657"]
[BlackFideId "495999"]
[EventDate "2025.06.11"]
[EventType "team"]

1. e4 c5 2. Nf3 d6 3. d4 cxd4 4. Nxd4 Nf6 5. Nc3 a6 6. g3 e6 7. Bg2 Be7 8. O-O
O-O 9. h3 Nbd7 10. Be3 Qc7 11. f4 e5 12. Nf5 Nc5 13. Nxe7+ Qxe7 14. Re1 Rb8 15.
g4 b6 16. g5 Nfd7 17. Nd5 Qd8 18. f5 Bb7 19. Rf1 Bxd5 20. Qxd5 g6 1-0

[Event "FIDE World Rapid Team"]
[Site "London ENG"]
[Date "2025.06.12"]
[Round "6.1"]
[White "Kawuma, Patrick"]
[Black "Eren, Ataberk"]
[Result "1-0"]
[WhiteTitle "FM"]
[BlackTitle "IM"]
[WhiteElo "2231"]
[BlackElo "2423"]
[WhiteTeam "Equity Bank, Kenya"]
[BlackTeam "Satranc Istanbul"]
[WhiteFideId "10000127"]
[BlackFideId "6349765"]
[EventDate "2025.06.11"]
[EventType "team"]

1. c4 Nf6 2. g3 e5 3. Bg2 Bc5 4. Nc3 O-O 5. Nf3 d6 6. d4 exd4 7. Nxd4 h6 8. O-O
Re8 9. b3 Nbd7 10. Bb2 a6 11. Qd2 Ne5 12. Rac1 Ng6 13. Rfd1 h5 14. Na4 Ba7 15.
c5 h4 16. Nf3 hxg3 17. hxg3 Bd7 18. e3 Bxa4 19. bxa4 Bxc5 20. Nd4 Rb8 21. Nf5 b6
22. Qd3 a5 23. Bc6 Ne5 24. Bxe5 Rxe5 25. Rc4 Qc8 26. Rf4 Qe6 27. Bf3 Re8 28. Kg2
g6 29. Nh6+ Kg7 30. Rh1 Rh8 31. Rfh4 Kf8 32. Nxf7 Rxh4 33. Nxe5 Rxh1 34. Nxg6+
Kg7 35. Kxh1 Qxa2 36. Nf4 Qf7 37. Qf5 Kf8 38. Bc6 Qh7+ 39. Qxh7 Nxh7 40. Ne6+
Ke7 41. Nxc7 Ng5 42. Kg2 d5 43. Nxd5+ Kd6 44. Ba8 Ne6 45. Nc3 Bb4 46. Ne4+ Ke7
47. Bc6 Nc7 48. Kf1 Ke6 49. Ke2 Na6 50. f4 Be7 51. Bb5 Nc7 52. Bc4+ Kd7 53. g4
Kc6 54. g5 Bf8 55. Kd3 Kd7 56. f5 Bd6 57. Nxd6 Kxd6 58. Kd4 Ne8 59. e4 Ng7 60.
Bb5 Nh5 61. e5+ Ke7 62. g6 Nf4 63. Bc4 Kf8 64. Ke4 Nh5 65. f6 Ng3+ 66. Kf4 Nh5+
67. Kg5 1-0

[Event "FIDE World Rapid Team"]
[Site "London ENG"]
[Date "2025.06.12"]
[Round "6.2"]
[White "Makaraci, Tunahan"]
[Black "Gurevich, Artjom"]
[Result "1/2-1/2"]
[WhiteTitle "FM"]
[WhiteElo "2233"]
[BlackElo "2183"]
[WhiteTeam "Satranc Istanbul"]
[BlackTeam "Equity Bank, Kenya"]
[WhiteFideId "6356559"]
[BlackFideId "2603870"]
[EventDate "2025.06.11"]
[EventType "team"]

1. e4 d5 2. exd5 Nf6 3. c4 c6 4. d4 cxd5 5. Nc3 e6 6. Nf3 Bb4 7. cxd5 Nxd5 8.
Qc2 O-O 9. Bd3 h6 10. O-O Nc6 11. a3 Bd6 12. Qe2 Nce7 13. Re1 Bd7 14. Ne5 Bxe5
15. Qxe5 Bc6 16. Qg3 Qc7 17. Qh4 Nf5 18. Nxd5 Bxd5 19. Qg4 Kh8 20. Bf4 Qd7 21.
Rad1 Rad8 22. h3 Bc6 23. Bc4 Bd5 24. Bd3 Bc6 25. Bb1 Qd5 26. Be4 Qb5 27. d5 Bxd5
28. Bxf5 exf5 29. Qxf5 Qd7 30. Qh5 Qc6 31. Qh4 Rde8 32. Qg3 Rxe1+ 33. Rxe1 Qg6
34. Re7 Qxg3 35. Bxg3 Kg8 36. Rc7 Bc6 37. Kf1 Rd8 38. Ke1 Bxg2 39. h4 Bc6 40.
Ke2 Rd7 41. Rxd7 Bxd7 42. Bb8 a6 43. Ke3 f6 44. Kf4 Kf7 45. Bd6 g5+ 46. Kg3 Kg6
47. f4 g4 48. Bf8 h5 49. Be7 Kf7 50. Bc5 Ke6 51. Bd4 f5 52. Be5 Kd5 53. Bg7 Kc4
54. Be5 Kb3 55. Bf6 Bc6 56. Be5 Be4 57. Bf6 b5 58. Be5 a5 59. Bf6 b4 1/2-1/2

[Event "FIDE World Rapid Team"]
[Site "London ENG"]
[Date "2025.06.12"]
[Round "6.3"]
[White "Andiwoh, Moses"]
[Black "Eken, Atakan"]
[Result "0-1"]
[WhiteElo "1796"]
[BlackElo "2010"]
[WhiteTeam "Equity Bank, Kenya"]
[BlackTeam "Satranc Istanbul"]
[WhiteFideId "10801502"]
[BlackFideId "6375626"]
[EventDate "2025.06.11"]
[EventType "team"]

1. e4 Nf6 2. Nc3 d5 3. exd5 Nxd5 4. Bc4 Nxc3 5. Qf3 e6 6. Qxc3 Nc6 7. Nf3 a6 8.
a4 h6 9. O-O Qf6 10. Qxf6 gxf6 11. d4 Bd7 12. d5 Na5 13. Ba2 b6 14. dxe6 fxe6
15. Re1 e5 16. Bd5 O-O-O 17. Be4 Bc5 18. Bd2 Nc4 19. Bc3 a5 20. Nh4 Nd6 21. g3
Nxe4 22. Rxe4 Bc6 23. Ree1 Rhg8 24. b3 Rg4 25. Nf5 h5 26. Ne3 Rgg8 27. Rad1 Rxd1
28. Nxd1 h4 29. Ne3 hxg3 30. hxg3 Be4 31. Bd2 Rd8 32. Bc3 Bxe3 33. Rxe3 Rd1+ 34.
Re1 Rxe1+ 35. Bxe1 Bxc2 36. b4 axb4 37. Bxb4 c5 38. Bc3 Bxa4 39. f4 exf4 40.
gxf4 f5 41. Kf1 Kd7 42. Ke2 Ke6 43. Kd3 Kd5 44. Be5 b5 45. Bg7 b4 46. Bf8 Bb5+
47. Kc2 Kd4 48. Kb3 Bc4+ 49. Kc2 Bd5 50. Kb2 Kc4 51. Be7 Kb5 52. Kc2 c4 53. Bf6
Be4+ 54. Kb2 c3+ 55. Kb3 Bd5+ 56. Kc2 Kc4 57. Kc1 b3 58. Be7 b2+ 0-1

[Event "FIDE World Rapid Team"]
[Site "London ENG"]
[Date "2025.06.12"]
[Round "6.4"]
[White "Tahaoglu, Ugur Barkin"]
[Black "Mutisya, Jully"]
[Result "1-0"]
[BlackTitle "WCM"]
[WhiteElo "2015"]
[BlackElo "1822"]
[WhiteTeam "Satranc Istanbul"]
[BlackTeam "Equity Bank, Kenya"]
[WhiteFideId "6303331"]
[BlackFideId "10814922"]
[EventDate "2025.06.11"]
[EventType "team"]

1. e4 g6 2. d4 Bg7 3. Nc3 d6 4. Be3 a6 5. h4 h5 6. Qd2 b5 7. a4 b4 8. Nd5 a5 9.
Nf3 c6 10. Nf4 Nf6 11. Ng5 Ng4 12. Be2 Nxe3 13. Qxe3 e5 14. dxe5 dxe5 15. Nd3
O-O 16. Rd1 Qe7 17. Qc5 Qe8 18. O-O Ba6 19. Nc1 Bb7 20. Qb6 Qc8 21. Bc4 Nd7 22.
Qe3 Nf6 23. Nb3 Qc7 24. Rd2 Ng4 25. Qe2 Rad8 26. Rfd1 Rxd2 27. Qxd2 Qb6 28. Qe2
Bc8 29. Rd6 Be6 30. Nxe6 fxe6 31. Bxe6+ Kh7 32. Bxg4 hxg4 33. g3 Rf3 34. Rd3 Qa6
35. Nd2 Rxd3 36. Qxd3 Qxd3 37. cxd3 Kg8 38. Nc4 Kf7 39. Nxa5 c5 40. Nb3 Ke7 41.
Nxc5 Kd6 42. Nb3 Kc6 43. Kf1 Bf8 44. Ke2 Bd6 45. f3 gxf3+ 46. Kxf3 Be7 47. Ke3
Bd8 48. d4 exd4+ 49. Nxd4+ Kd6 50. b3 Bb6 51. Kd3 Kc5 52. Ne6+ Kd6 53. Nf4 Ke5
54. Nxg6+ Kf6 55. Nf4 Bc7 56. Kc4 Bd6 57. Nd5+ Kg6 58. g4 Bg3 59. h5+ Kg5 60. a5
Kxg4 61. h6 1-0

[Event "FIDE World Rapid Team"]
[Site "London ENG"]
[Date "2025.06.12"]
[Round "6.5"]
[White "Ongono, Victor"]
[Black "Kalender, Murat Emre"]
[Result "1/2-1/2"]
[WhiteElo "1560"]
[BlackElo "1782"]
[WhiteTeam "Equity Bank, Kenya"]
[BlackTeam "Satranc Istanbul"]
[WhiteFideId "10805214"]
[BlackFideId "34531815"]
[EventDate "2025.06.11"]
[EventType "team"]

1. e4 c5 2. Bc4 Nc6 3. Nc3 d6 4. h3 Nf6 5. Nf3 g6 6. d3 Bg7 7. a3 O-O 8. O-O a6
9. Re1 b5 10. Ba2 Bb7 11. Bf4 Qd7 12. Ng5 h6 13. Nf3 Kh7 14. Qd2 b4 15. axb4
cxb4 16. Na4 Rad8 17. Nb6 Qc7 18. Be3 Nd7 19. Nd5 Qb8 20. Nxb4 Nxb4 21. Qxb4 Bc6
22. Qxb8 Rxb8 23. Nd4 Ba8 24. Bb3 Nc5 25. Reb1 Bxd4 26. Bxd4 Nxb3 27. cxb3 Rxb3
28. Bc3 Rfb8 29. Kf1 Bc6 30. Ke2 R3b6 31. Kd2 e5 32. b4 Bb5 33. Ke3 Rc8 34. Ra3
Rbc6 35. Rc1 Kg7 36. g3 Kf6 37. f4 Ke6 38. d4 exd4+ 39. Kxd4 Rc4+ 40. Ke3 d5 41.
exd5+ Kxd5 42. Rd1+ Ke6 43. Be5 Rxb4 44. Rd6+ Ke7 45. Kf3 Rd8 46. Rxd8 Kxd8 47.
Rc3 Rc4 48. Rd3+ Ke7 49. Kg4 Rxf4+ 50. Bxf4 h5+ 51. Kg5 Bxd3 52. h4 Be2 53. Be5
Bg4 54. Bc3 Be6 55. Bb4+ Kd7 56. Kf4 Kc6 57. Ke4 Kb5 58. Bc3 a5 59. Kd3 a4 60.
Kc2 a3 61. Kb1 Kc4 62. Bf6 Kd3 63. Ka1 a2 64. Be5 Ke4 65. Bf4 f6 66. Bd2 Kf3 67.
Bf4 Kg4 68. Kb2 g5 69. hxg5 fxg5 70. Bc7 h4 71. gxh4 gxh4 72. Be5 h3 73. Bh2 Kf3
74. Ka1 Kg2 75. Bb8 h2 76. Bxh2 Kxh2 77. Kb2 Kg2 78. Ka1 Kf2 79. Kb2 Ke2 80. Ka1
Kd1 81. Kb2 Bb3 82. Ka1 Kc2 1/2-1/2

[Event "FIDE World Rapid Team"]
[Site "London ENG"]
[Date "2025.06.12"]
[Round "6.6"]
[White "Demir, Aleyna"]
[Black "Kuka Kyle"]
[Result "0-1"]
[WhiteElo "1651"]
[BlackElo "1892"]
[WhiteTeam "Satranc Istanbul"]
[BlackTeam "Equity Bank, Kenya"]
[WhiteFideId "6378323"]
[BlackFideId "10831533"]
[EventDate "2025.06.11"]
[EventType "team"]

1. e4 c6 2. d4 d5 3. exd5 cxd5 4. Nf3 Nc6 5. c4 Nf6 6. Nc3 Bg4 7. Be2 e6 8. Bf4
Bb4 9. O-O O-O 10. a3 Bxc3 11. bxc3 dxc4 12. Rb1 Nd5 13. Qd2 Na5 14. Bg3 Nb3 15.
Qb2 Rc8 16. Bxc4 Rxc4 17. Ne5 Rxc3 18. Nxg4 Qg5 19. Ne5 Qd2 20. Rfd1 Qxb2 21.
Rxb2 Nxd4 22. Rxb7 Ne2+ 23. Kf1 Nxg3+ 24. hxg3 Rxa3 25. Rdb1 f6 26. Nd7 Rc8 27.
Rb8 Rxb8 28. Rxb8+ Kf7 29. Rb7 Ne7 30. Nc5 e5 31. Ne4 Ke6 32. Ke2 Nf5 33. g4
Nd4+ 34. Kd2 g6 35. Rxh7 f5 36. gxf5+ gxf5 37. Rh6+ Kd5 38. Nc3+ Kc5 39. Rh8 a5
40. Rc8+ Kd6 41. Rd8+ Kc6 42. Rc8+ Kb6 43. Re8 Nc6 44. Re6 Kc5 45. Re8 Rb3 46.
Rc8 Rb2+ 47. Ke3 Rb3 48. Kd2 Rb2+ 49. Ke3 Kd6 50. Ra8 f4+ 51. Kd3 Rb4 52. Ne4+
Kd5 53. Nc3+ Kc5 54. Ne4+ Kb5 55. Nc3+ Kc5 56. Ne4+ Kb6 57. Re8 Rd4+ 58. Kc3
Rxe4 0-1

[Event "FIDE World Rapid Team"]
[Site "London ENG"]
[Date "2025.06.12"]
[Round "7.1"]
[White "Keymer, Vincent"]
[Black "Erigaisi, Arjun"]
[Result "1-0"]
[WhiteTitle "GM"]
[BlackTitle "GM"]
[WhiteElo "2730"]
[BlackElo "2782"]
[WhiteTeam "Germany and Friends"]
[BlackTeam "Team MGD1"]
[WhiteFideId "12940690"]
[BlackFideId "35009192"]
[EventDate "2025.06.11"]
[EventType "team"]

1. c4 c5 2. g3 g6 3. Bg2 Bg7 4. Nc3 Nc6 5. d3 Nf6 6. Rb1 O-O 7. a3 a5 8. e3 e6
9. Nge2 d5 10. O-O dxc4 11. dxc4 Qe7 12. b3 Bd7 13. Bb2 b6 14. Qc2 Rfd8 15. Na4
Rab8 16. Rfd1 Ne8 17. Bxg7 Nxg7 18. Nec3 Ne5 19. h3 Nf5 20. Qb2 f6 21. f4 Nf7
22. Ne4 e5 23. Nac3 Bc6 24. Qf2 exf4 25. exf4 Rxd1+ 26. Rxd1 Nd4 27. b4 axb4 28.
axb4 Rd8 29. bxc5 bxc5 30. Nd5 Bxd5 31. cxd5 Rc8 32. Rxd4 cxd4 33. Qxd4 Kg7 34.
d6 Qe6 35. d7 Rc1+ 36. Kh2 Nd8 37. Nc3 Re1 38. Nd5 Rc1 39. g4 h6 40. h4 Kf7 41.
Ne3 Ke7 42. Nd5+ Kf7 43. Ne3 Ke7 44. h5 Qxd7 45. Nd5+ Kf8 46. Qxf6+ Kg8 47. Ne7+ 1-0

[Event "FIDE World Rapid Team"]
[Site "London ENG"]
[Date "2025.06.12"]
[Round "7.2"]
[White "Harikrishna, Pentala"]
[Black "Bluebaum, Matthias"]
[Result "1-0"]
[WhiteTitle "GM"]
[BlackTitle "GM"]
[WhiteElo "2707"]
[BlackElo "2663"]
[WhiteTeam "Team MGD1"]
[BlackTeam "Germany and Friends"]
[WhiteFideId "5007003"]
[BlackFideId "24651516"]
[EventDate "2025.06.11"]
[EventType "team"]

1. c4 e6 2. Nf3 d5 3. g3 Nf6 4. Bg2 Bd6 5. O-O O-O 6. d4 Nc6 7. cxd5 exd5 8. Nc3
h6 9. Bf4 Bxf4 10. gxf4 Ne7 11. e3 c6 12. Ne5 Ne8 13. Kh1 f6 14. Nd3 Nd6 15. Rg1
Nef5 16. Qh5 Qe8 17. Bf3 Be6 18. Nc5 Qxh5 19. Bxh5 Bf7 20. Bg4 Nh4 21. Rg3 Nhf5
22. Rgg1 Nh4 23. b4 Rfe8 24. a4 b6 25. Na6 Re7 26. Rac1 g5 27. b5 cxb5 28. axb5
Kf8 29. Nb4 Ne4 30. Nxe4 dxe4 31. Rc6 Kg7 32. d5 Rd8 33. d6 Ree8 34. d7 Re7 35.
fxg5 hxg5 36. Rd6 f5 37. Rgd1 Be6 38. Nc6 Rdxd7 39. Nxe7 Rxe7 40. Be2 Ng6 41.
Rg1 Kh6 42. Rc1 Kg7 43. Rcc6 Bf7 44. Rf6 Ne5 45. Rcd6 Bc4 46. Bxc4 Nxc4 47. Rg6+
Kh7 48. Rh6+ Kg8 49. Rdg6+ Rg7 50. Rf6 Ne5 51. Rxf5 Nf3 52. Rd5 Re7 53. Rhd6 Ne5
54. Rd4 Nf7 55. Rd7 Re5 56. Rxa7 Rxb5 57. Rxe4 Kg7 58. Re6 Rf5 59. Kg2 b5 60.
Rb6 Kf8 61. h3 Kg8 62. Rab7 Nd8 63. Rxb5 1-0

[Event "FIDE World Rapid Team"]
[Site "London ENG"]
[Date "2025.06.12"]
[Round "7.3"]
[White "Svane, Rasmus"]
[Black "Anton Guijarro, David"]
[Result "1-0"]
[WhiteTitle "GM"]
[BlackTitle "GM"]
[WhiteElo "2626"]
[BlackElo "2642"]
[WhiteTeam "Germany and Friends"]
[BlackTeam "Team MGD1"]
[WhiteFideId "4657101"]
[BlackFideId "2285525"]
[EventDate "2025.06.11"]
[EventType "team"]

1. Nf3 d5 2. d4 e6 3. c4 dxc4 4. e3 Nf6 5. Bxc4 c5 6. O-O Nc6 7. Nc3 a6 8. Qe2
b5 9. Bd3 Bb7 10. a4 c4 11. Bc2 b4 12. Ne4 Na5 13. Nxf6+ gxf6 14. e4 h5 15. d5
Bc5 16. Be3 Qb6 17. Bxc5 Qxc5 18. dxe6 fxe6 19. Rad1 Rd8 20. e5 f5 21. Ng5 Rxd1
22. Rxd1 Bd5 23. Nh3 b3 24. Bb1 Nc6 25. Nf4 Ne7 26. Nxh5 Kd7 27. Nf4 Kc8 28. g3
Kb7 29. h4 Qc6 30. Qe3 Qb6 31. Qc3 Qc5 32. Bd3 Rc8 33. Be2 a5 34. Bf3 Qb4 35.
Bxd5+ exd5 36. Qf3 Ka6 37. Nxd5 Qb7 38. Kg2 Ng6 39. Qxf5 c3 40. Qxg6+ Ka7 41.
bxc3 b2 42. e6 Rc5 43. c4 Rxc4 44. e7 Rc1 45. Rd4 b1=Q 46. Qxb1 Qxb1 47. e8=Q
Rg1+ 48. Kf3 Qb3+ 49. Qe3 Qb7 50. Rb4+ 1-0